02054cam a22003615a 4500999001700000001000900017005001700026008004100043010001700084020004300101040003300144042000800177043001200185082001900197100003000216245010700246250003400353260003500387300002500422504005100447505046800498520020300966650006501169650002501234650006101259650004901320651001001369653002201379655001701401942000801418952013301426952013301559 c27395d273661997556720190418140118.0170905s2018 nyua frb 001 0 eng d a 2017038335 a9781433150036 (softcover : alk. paper) aDLCbengcDLCdDLCdEG-ScBUE apcc an-us---04a071.3bPOI2221 aPoindexter, Paula Maurie.10aMillennials, news, and social media :bis news engagement a thing of the past? /cPaula M. Poindexter. a2nd ed., Revised and updated. aNew York :bPeter Lang,c2018. axx, 216 p. ;c23 cm. aIncludes bibliographical references and index.0 aSociety without news consumers? -- Why millennials aren't into news -- How millennials really feel about news and coverage of their generation -- Too busy for news; unlimited time for social media on smartphones -- Race and ethnicity, gender, and political identity in millennial news and social media engagement -- Post-millennials and the future of news engagement -- Engaging millennials with news in a mobile-first, social media world: It's not too late, yet. aThe Nordic PhD: Surviving and succeeding is an edited book written for prospective and current doctoral students by a mix of doctoral students and those who have recently completed their doctorates. 7aNews audienceszUnited StatesxHistoryy21st century.2BUEsh 7aGeneration Y.2BUEsh 7aJournalismzUnited StatesxHistoryy21st century.2BUEsh 7aSocial mediazUnited StatesxHistory.2BUEsh 2BUEsh bCOMAMEcApril2019 vReading book 2ddc 00102ddc40708BaccahaMAINbMAINcLOWd2019-04-18ePurchaseg400.00l0o071.3 POIp000044600r2025-07-15 00:00:00v500.00yNB 00102ddc40708BaccahaMAINbMAINcLOWd2019-04-18ePurchaseg400.00l0o071.3 POIp000044601r2025-07-15 00:00:00v500.00yNB